|
|
|
|
| LEADER |
02251nam a2200565 4500 |
| 001 |
ocn861537139 |
| 003 |
OCoLC |
| 005 |
20180501122014.0 |
| 006 |
m o d |
| 007 |
cr cn||||||||| |
| 008 |
131014s2013 ne a ob 001 0 eng d |
| 040 |
|
|
|a E7B
|b eng
|e rda
|e pn
|c E7B
|d N$T
|d UIU
|d OCLCF
|d OCLCQ
|d ESU
|d GrThAP
|
| 020 |
|
|
|a 9780124171176
|q (electronic bk.)
|
| 020 |
|
|
|a 0124171176
|q (electronic bk.)
|
| 020 |
|
|
|a 9780124170285
|
| 035 |
|
|
|a (OCoLC)861537139
|
| 050 |
|
4 |
|a QR181
|b .D48 2013eb
|
| 072 |
|
7 |
|a HEA
|x 039000
|2 bisacsh
|
| 072 |
|
7 |
|a MED
|x 014000
|2 bisacsh
|
| 072 |
|
7 |
|a MED
|x 022000
|2 bisacsh
|
| 072 |
|
7 |
|a MED
|x 112000
|2 bisacsh
|
| 072 |
|
7 |
|a MED
|x 045000
|2 bisacsh
|
| 082 |
0 |
4 |
|a 616.079
|
| 049 |
|
|
|a TEFA
|
| 245 |
0 |
0 |
|a Development and function of myeloid subsets /
|c edited by Kenneth M. Murphy, Washington University, School of Medicine, St. Louis, Missouri, USA, Miriam Merad, Icahn School of Medicine at Mount Sinai, New York, USA.
|
| 250 |
|
|
|a First edition.
|
| 264 |
|
1 |
|a Amsterdam :
|b Elsevier/Academic Press,
|c 2013.
|
| 300 |
|
|
|a 1 online resource (339 pages) :
|b color illustrations.
|
| 336 |
|
|
|a text
|b txt
|2 rdacontent
|
| 337 |
|
|
|a computer
|b c
|2 rdamedia
|
| 338 |
|
|
|a online resource
|b cr
|2 rdacarrier
|
| 490 |
1 |
|
|a Advances in immunology,
|x 0065-2776 ;
|v volume one hundred and twenty
|
| 504 |
|
|
|a Includes bibliographical references and index.
|
| 588 |
0 |
|
|a Online resource; title from PDF title page (ebrary, viewed October 14, 2013).
|
| 650 |
|
0 |
|a Immune system.
|
| 650 |
|
0 |
|a Leucocytes.
|
| 650 |
|
0 |
|a Immunology.
|
| 650 |
|
7 |
|a HEALTH & FITNESS
|x Diseases
|x General.
|2 bisacsh
|
| 650 |
|
7 |
|a MEDICAL
|x Clinical Medicine.
|2 bisacsh
|
| 650 |
|
7 |
|a MEDICAL
|x Diseases.
|2 bisacsh
|
| 650 |
|
7 |
|a MEDICAL
|x Evidence-Based Medicine.
|2 bisacsh
|
| 650 |
|
7 |
|a MEDICAL
|x Internal Medicine.
|2 bisacsh
|
| 650 |
|
7 |
|a Immune system.
|2 fast
|0 (OCoLC)fst00967877
|
| 650 |
|
7 |
|a Immunology.
|2 fast
|0 (OCoLC)fst00968006
|
| 650 |
|
7 |
|a Leucocytes.
|2 fast
|0 (OCoLC)fst00996872
|
| 655 |
|
4 |
|a Electronic books.
|
| 700 |
1 |
|
|a Murphy, Kenneth
|q (Kenneth M.)
|
| 700 |
1 |
|
|a Merad, Miriam.
|
| 830 |
|
0 |
|a Advances in immunology ;
|v v. 120.
|
| 856 |
4 |
0 |
|u https://www.sciencedirect.com/science/bookseries/00652776/120
|z Full Text via HEAL-Link
|